[Event "BL 2016-17"]
[Site "Jenbach"]
[Date "2017.04.21"]
[Round "10"]
[White "Hajnal, Zoltan"]
[Black "Schwarhofer, Christopher"]
[Result "0-1"]
[WhiteElo "2382"]
[BlackElo "2375"]
[Annotator "NA"]
[PlyCount "94"]
[EventDate "2017.??.??"]
[EventCountry "AUT"]
[SourceTitle "playchess.com"]
[Source "ChessBase"]
[SourceQuality "1"]
[WhiteTeam "St. Valentin"]
[BlackTeam "Nickelsdorf"]
[TimeControl "40/5400+30:1800+30"]

1. e4 $146 {[%emt 0:00:00]} (1. d4 Nf6 2. Nf3 d5 3. e3 e6 4. Bd3 b6 5. O-O Bb7 6. Nbd2 Bd6 7. Qe2 Ne4 8. b3 O-O 9. Bb2 Nd7 10. c4 a5 11. Rfd1 Qe7 12. Rac1 a4 13. Nf1 axb3 14. axb3 Ra2 15. Bb1 Rxb2 16. Qxb2 {½-½ (39) Kramnik,V (2809)-Adams,M (2748) London 2016}) 1... e6 {[%emt 0:00:06]} 2. d4 {[%emt 0:00:00]} d5 {[%emt 0:00:05]} 3. Nc3 {[%emt 0:00:00]} Nf6 {[%emt 0:00:23]} 4. e5 {[%emt 0:03:50]} Nfd7 {[%emt 0:02:19]} 5. f4 {[%emt 0:00:20]} c5 {[%emt 0:00:11]} 6. Nf3 {[%emt 0:00:06]} Nc6 {[%emt 0:00:08]} 7. Be3 {[%emt 0:00:15]} Qb6 {[%emt 0:00:57]} 8. Na4 {[%emt 0:00:39]} Qa5+ {[%emt 0:00:19]} 9. c3 {[%emt 0:00:07]} b6 {[%emt 0:01:24]} 10. Bd2 {[%emt 0:04:56]} c4 {[%emt 0:01:45]} 11. b4 {[%emt 0:01:48]} Qa6 {[%emt 0:02:58] C11: French: Classical System: 4 e5 and 4 Bg5 dxe4} (11... Nxb4 12. cxb4 Bxb4 13. Qc2 Bxd2+ 14. Nxd2 b5 15. Nc3 b4 16. Nd1 f6 17. Nf3 fxe5 18. fxe5 Bb7 19. a3 {1-0 (34) Kokarev,D (2634)-Savchenko,B (2613) Khanty-Mansiysk 2016}) 12. g4 {[%emt 0:12:41]} Qb7 $146 {[%emt 0:18:21]} (12... h5 13. gxh5 Rxh5 14. Ng5 Rh8 15. f5 exf5 16. Bg2 Ne7 17. e6 fxe6 18. Nxe6 Qb7 19. Bf4 {1-0 (37) Paehtz,E (2276)-Andriasian,S Oropesa del Mar 1999}) 13. Bg2 {[%emt 0:02:51]} a5 {[%emt 0:11:03]} 14. b5 {[%emt 0:15:44]} Na7 {[%emt 0:06:07]} 15. Rb1 {[%emt 0:01:03]} Be7 {[%emt 0:01:11]} 16. O-O {[%emt 0:07:28]} Nf8 {[%emt 0:13:14]} 17. Nb2 {[%emt 0:12:00]} Nxb5 {[%emt 0:04:03]} 18. Nxc4 {[%emt 0:01:55]} Qc6 {[%emt 0:04:59]} 19. Nxb6 {[%emt 0:02:35]} Qxb6 $14 {[%emt 0:01:53]} 20. a4 {[%emt 0:00:23]} Bd7 {[%emt 0:01:31]} 21. axb5 {[%emt 0:02:59]} Bxb5 {[%emt 0:01:41]} 22. Qb3 {[%emt 0:03:29]} Rb8 {[%emt 0:00:18]} 23. Rb2 {[%emt 0:13:34]} a4 {[%emt 0:18:36]} 24. Qa2 {[%emt 0:04:54]} a3 {[%emt 0:00:06]} 25. Rb3 {[%emt 0:00:12]} Qa6 {[%emt 0:00:24]} 26. Rfb1 {[%emt 0:00:32]} Nd7 {[%emt 0:00:08]} 27. Bf1 {[%emt 0:07:56]} Bxf1 {[%emt 0:00:06]} 28. Rxb8+ {[%emt 0:00:04]} Nxb8 {[%emt 0:00:03]} 29. Rxf1 {[%emt 0:00:07]} O-O {[%emt 0:00:44]} 30. Rf2 {[%emt 0:00:22]} Nd7 {[%emt 0:01:16]} 31. Bc1 {[%emt 0:00:48]} Rb8 {[%emt 0:02:05]} 32. Kg2 {[%emt 0:00:20]} Qa4 {[%emt 0:00:58]} 33. Rc2 {[%emt 0:00:37]} Nb6 {[%emt 0:01:02]} 34. Qb1 {[%emt 0:01:28]} Qc4 {[%emt 0:01:30]} 35. Ra2 {[%emt 0:00:45]} Qxc3 {[%emt 0:01:59]} 36. Rc2 {[%emt 0:00:26]} Qb4 {[%emt 0:00:13]} 37. Qa2 {[%emt 0:00:16]} Nc4 {[%emt 0:00:22]} 38. Kf2 {[%emt 0:00:45]} Qa4 {[%emt 0:02:02]} 39. Ke2 {[%emt 0:00:41]} g6 {[%emt 0:01:41]} 40. f5 {[%emt 0:00:00]} Rb3 {[%emt 0:01:23]} 41. Nd2 {[%emt 0:00:54]} Nxd2 {[%emt 0:03:53]} 42. Bxd2 {[%emt 0:01:45]} Qb5+ {[%emt 0:00:29]} 43. Kf2 {[%emt 0:00:14]} Rb2 {[%emt 0:00:40]} 44. Rc8+ {[%emt 0:00:56]} Kg7 {[%emt 0:01:34]} 45. f6+ {[%emt 0:02:49]} Bxf6 {[%emt 0:00:04]} 46. exf6+ {[%emt 0:00:04]} Kxf6 {[%emt 0:00:35]} 47. g5+ {[%emt 0:00:05] Ke5} Kf5 {[%emt 0:01:15]} 0-1

[Event "BL 2016-17"]
[Site "Germany"]
[Date "2017.03.19"]
[Round "10"]
[White "Moehn, Hans"]
[Black "Belezky, Alexander"]
[Result "1/2-1/2"]
[WhiteElo "2381"]
[BlackElo "2397"]
[Annotator "TA"]
[PlyCount "78"]
[EventDate "2017.??.??"]
[EventType "team-tourn"]
[EventCountry "GER"]
[SourceTitle "playchess.com"]
[Source "ChessBase"]
[SourceQuality "1"]
[WhiteTeam "TU Dresden"]
[BlackTeam "Bayern München"]

{[%evp 15,78,-14,-8,-17,-2,-25,0,-33,11,0,12,5,17,12,6,-36,-38,-48,-14,-25,-39,-20,0,0,0,0,0,0,0,-64,-46,-97,-80,-85,-68,-54,-43,-41,-45,-63,-64,-68,-49,-72,-59,-60,-41,-66,-45,-54,-51,-47,-29,-135,-87,-85,-54,-61,-64,-67,-62,-60,-53,-44,-30]} 1. Nf3 c5 2. c4 Nc6 3. Nc3 g6 4. g3 Bg7 5. Bg2 e6 6. d3 Nge7 7. h4 h6 {A37: Symmetrical English vs ...g6: 4 Bg2 Bg7 5 Nf3} 8. Bd2 (8. Bf4 d6 9. Qc1 b6 10. O-O Bb7 11. a3 Nf5 12. Rb1 a5 13. Nb5 Na7 14. Nxa7 Rxa7 15. e4 {½-½ (60) Wang,Y (2723)-Giri,A (2734) Beijing 2013}) 8... b6 {LiveBook: 7 Games} 9. Qc1 Bb7 {The position is equal.} 10. O-O d6 $146 (10... Rc8 11. a3 d5 12. Bf4 Nd4 13. Rb1 e5 14. Nxe5 g5 15. hxg5 hxg5 16. Bxg5 Bxe5 {0-1 (32) Yilmaz,M (2543)-Andersen,M (2464) Athens 2012}) 11. e4 Kf8 12. Ne2 Kg8 13. Bc3 Bxc3 (13... Bc8 $5 {is more complex.} 14. a3 e5 15. b4 a6 16. Bd2 Bg4) 14. Qxc3 e5 15. Nh2 g5 16. h5 Bc8 17. f4 gxf4 18. gxf4 exf4 19. Rxf4 Ne5 20. d4 cxd4 21. Nxd4 Rh7 22. Re1 ({White should play} 22. Kh1 $11) 22... Rg7 $15 23. Re3 (23. b3 $15) 23... Kh7 24. Rg3 Qg8 25. Nf1 Rxg3 (25... Bd7 $5 {creates asymmetry.} 26. b3 Rg5 27. Rf2 Rf8 28. Ne2 Bg4) 26. Qxg3 Bg4 ({Of course not} 26... Nxc4 $6 27. Qxg8+ Kxg8 28. Nf5 $14) 27. Nf5 Nxf5 28. exf5 Rc8 ({Stronger than} 28... Bxh5 29. Bxa8 Qxa8 30. Ne3 $16) 29. b3 Bxh5 30. Rd4 Qh8 {[#] Threatens to win with ...Rg8.} 31. Rxd6 {Black must now prevent Qh2.} Rg8 $1 32. Qf4 $1 {[%csl Gd6][%cal Rf4h6]} Rg5 {And now ...Qg7 would win.} 33. Ng3 Qg7 34. Kh2 (34. f6 $11 {was the only way to keep the balance.} Qg8 35. Kh2) 34... Rg4 35. Nxh5 Rxf4 36. Nxg7 {Black is slightly better.} Kxg7 37. c5 bxc5 38. Ra6 Rxf5 39. Rxa7 c4 1/2-1/2

[Event "BL 2016-17"]
[Site "Germany"]
[Date "2017.03.19"]
[Round "10"]
[White "Schramm, Christian"]
[Black "Le Roux, Jean-Pierre"]
[Result "0-1"]
[WhiteElo "2377"]
[BlackElo "2544"]
[Annotator "TA"]
[PlyCount "76"]
[EventDate "2017.??.??"]
[EventType "team-tourn"]
[EventCountry "GER"]
[SourceTitle "playchess.com"]
[Source "ChessBase"]
[SourceQuality "1"]
[WhiteTeam "Zugzwang München"]
[BlackTeam "Schwäbisch Hall"]

{[%evp 16,76,21,5,27,15,18,19,23,14,36,36,31,28,28,35,39,35,41,37,43,19,26,19,17,18,14,8,8,-85,-82,-86,-84,-248,-116,-101,-101,-86,-95,-87,180,170,160,162,155,97,98,90,91,102,58,0,0,0,0,0,0,-380,-379,-572,-566,-966,-933]} 1. e4 g6 2. d4 d6 3. Nc3 Bg7 4. g3 Nf6 5. Bg2 O-O 6. Nge2 Nc6 7. O-O e5 8. dxe5 dxe5 9. Nd5 h6 {B07: Pirc Defence: Miscellaneous Systems} (9... Nxd5 10. exd5 Ne7 11. c4 Nf5 12. Bd2 Re8 13. Bc3 b6 14. b3 Nd6 15. Nc1 h5 16. h4 Bf5 17. Re1 {½-½ (31) Nepomniachtchi,I (2600)-Volokitin,A (2674) Moscow 2008}) 10. Nec3 Nxd5 $146 (10... Nd4 11. Nxf6+ Qxf6 12. Nd5 Qd8 13. c3 Ne6 14. Qe2 c6 15. Nb4 a5 16. Rd1 Qc7 17. Nd3 {1-0 (41) Drzazga,R (2150)-Malecki,R (2170) Poland 1995}) 11. Nxd5 Be6 {The position is equal.} 12. Be3 Nd4 13. c3 Bxd5 14. exd5 Nf5 15. Bd2 Re8 16. Re1 Bf8 17. Qc1 Kh7 18. b4 a5 19. a3 Qd7 20. c4 Nd4 21. Qb2 Qa4 22. c5 (22. Red1 $11 {remains equal.}) 22... Nc2 $17 23. d6 (23. Rxe5 $2 Rxe5 24. Rc1 Re2 25. Qxc2 Qxc2 26. Rxc2 axb4 $19) 23... Nxa1 24. dxc7 $2 (24. Rxa1 $17 {keeps fighting.} cxd6 25. Bxb7 axb4 26. Bxa8 Rxa8 27. Bxb4 dxc5 28. Bc3) 24... Qc2 (24... Nc2 $1 $19 {[%cal Rc2e1] and Black stays clearly on top.} 25. Rxe5 axb4 26. Rxe8 Rxe8) 25. Qxa1 Qxd2 26. Rd1 Qe2 27. Bxb7 {[#]} Rac8 $1 {[%mdl 8704]} (27... axb4 $17 28. Bxa8 Bxc5) 28. Bxc8 $18 Rxc8 29. Rd7 $1 (29. Rd8 Rxc7 30. Qf1 (30. Rxf8 $2 Rd7 31. Kg2 Rd1 32. Qxd1 Qxd1 $19) 30... Qxf1+ 31. Kxf1 Be7 $17) 29... Kg8 30. Qf1 (30. Qc3 $142 $1) 30... Qe4 $16 {White should prevent ...Qc6.} 31. Qa6 $1 {[%cal Ra6c8][%mdl 1024] White has strong compensation.} (31. b5 Qf5 32. Rd8 (32. c6 Bc5 33. a4 Bb6 $17) 32... Rxc7 $17) 31... Qb1+ {[#]} 32. Kg2 $1 Qe4+ 33. Kg1 (33. f3 $1 $14 Qc2+ 34. Kf1 Qb1+ 35. Ke2 Rxc7 36. Rxc7 Qa2+ 37. Ke3 Qxa3+ 38. Qd3 Qxb4 39. Qd5 Qe1+ 40. Kd3 Qd1+ 41. Kc4 Qf1+ 42. Qd3) 33... Qb1+ $11 34. Qf1 Qe4 {Black wants to play ...Qc6.} ({Reject} 34... Qb2 $6 35. b5 (35. bxa5 Qb7 36. Qc4 Qb1+ 37. Kg2 Qf5 $16) (35. Qc4 Qb1+ 36. Kg2 Qf5 $16) 35... Qc2 36. b6 Bxc5 37. Rd8+ Kg7 38. Rxc8 $16) 35. Qd1 ({Much worse is} 35. b5 Qf5 36. Rd5 (36. c6 Bc5 37. Qe2 Bb6 $17) 36... Qe6 $17) 35... Qc6 36. bxa5 $2 {[%mdl 8192]} (36. b5 $1 $11 {and White stays safe.} Qxb5 37. Rd8 Rxc7 {[#]} 38. Rxf8+ $1 {[%mdl 512]} Kxf8 39. Qd8+ Kg7 40. Qxc7) 36... Rxc7 $19 37. Rd5 (37. Rxc7 $142 Qxc7 38. Qc2 Bxc5 39. a6) 37... Bxc5 38. h4 Bd4 0-1

[Event "BL 2016-17"]
[Site "Jenbach"]
[Date "2017.04.21"]
[Round "10"]
[White "Lendwai, Reinhard"]
[Black "Sandhoefner, Florian"]
[Result "1-0"]
[WhiteElo "2367"]
[BlackElo "2255"]
[Annotator "NA"]
[PlyCount "141"]
[EventDate "2017.??.??"]
[EventCountry "AUT"]
[SourceTitle "playchess.com"]
[Source "ChessBase"]
[SourceQuality "1"]
[WhiteTeam "Nickelsdorf"]
[BlackTeam "St. Valentin"]
[TimeControl "40/5400+30:1800+30"]

1. e4 {[%emt 0:00:00]} c5 {[%emt 0:00:01]} 2. Nf3 {[%emt 0:00:00]} d6 {[%emt 0:00:01]} 3. d4 {[%emt 0:00:06]} cxd4 {[%emt 0:00:02]} 4. Nxd4 {[%emt 0:00:12]} Nf6 {[%emt 0:00:02]} 5. Nc3 {[%emt 0:00:10]} a6 {[%emt 0:00:01]} 6. Bg5 {[%emt 0:00:34]} e6 {[%emt 0:00:02]} 7. f4 {[%emt 0:00:34]} Qb6 {[%emt 0:00:07]} 8. Nb3 {[%emt 0:01:17]} Nbd7 {[%emt 0:00:45]} 9. Qf3 {[%emt 0:01:49]} Qc7 {[%emt 0:01:01]} 10. O-O-O {[%emt 0:01:00]} b5 {[%emt 0:01:03]} 11. Bd3 {[%emt 0:04:07] B97: Sicilian Najdorf: Poisoned Pawn} Bb7 {[%emt 0:02:40]} 12. Rhe1 {[%emt 0:01:56]} Be7 {[%emt 0:04:15]} 13. Kb1 {[%emt 0:05:37]} (13. Qh3 b4 14. Nb1 e5 15. N1d2 a5 16. Kb1 a4 17. Nc1 O-O 18. Ne2 Rfc8 19. Ng3 g6 20. Nc4 {0-1 (29) Kamsky,G (2671)-Topalov,V (2804) Sofia 2006}) 13... O-O {[%emt 0:06:10]} 14. Qh3 $1 {[%emt 0:05:19]} g6 {[%emt 0:08:31]} (14... Rfd8 $14) 15. a3 $146 {[%emt 0:14:11]} (15. e5 dxe5 16. fxe5 Nxe5 17. Qg3 b4 18. Na4 Nfg4 19. Bf4 {1-0 (41) Stuart,A-Van Wieringen,C Netherland 2002}) 15... Rfe8 {[%emt 0:05:06]} 16. Qh4 {[%emt 0:01:46]} Kg7 $2 {[%emt 0:04:53]} (16... Qd8 $1 $14) 17. Re3 {[%emt 0:05:26]} ({But not} 17. e5 $6 dxe5 18. fxe5 Ng8 $14) (17. f5 $18) 17... Ng8 {[%emt 0:08:05]} 18. Rh3 {[%emt 0:03:40]} Nf8 {[%emt 0:01:04]} 19. Bxe7 {[%emt 0:24:19]} Qxe7 {[%emt 0:00:43]} 20. Qxe7 {[%emt 0:02:59]} (20. Qf2 $16) 20... Rxe7 {[%emt 0:00:04]} 21. Na5 {[%emt 0:00:28]} Rd8 {[%emt 0:05:11]} 22. Nxb7 {[%emt 0:01:24]} Rxb7 {[%emt 0:00:02]} 23. Be2 {[%emt 0:00:34]} Kf6 {[%emt 0:03:22]} 24. Rd4 {[%emt 0:04:13]} Ke7 {[%emt 0:03:16]} 25. Rb4 {[%emt 0:01:44]} Rdb8 {[%emt 0:02:49]} 26. b3 {[%emt 0:02:54]} Nf6 {[%emt 0:04:10]} 27. Re3 {[%emt 0:00:02]} N6d7 {[%emt 0:02:42]} 28. a4 {[%emt 0:03:52]} bxa4 {[%emt 0:00:18]} 29. Rxb7 {[%emt 0:03:43]} Rxb7 {[%emt 0:00:06]} 30. Nxa4 {[%emt 0:00:07]} a5 {[%emt 0:00:21]} 31. Rc3 {[%emt 0:03:14]} Rb4 {[%emt 0:01:47]} 32. Bf3 {[%emt 0:04:25]} f5 {[%emt 0:12:36]} 33. exf5 {[%emt 0:01:05]} gxf5 {[%emt 0:00:01]} 34. g3 {[%emt 0:00:21]} e5 {[%emt 0:02:53]} 35. fxe5 {[%emt 0:01:42]} dxe5 {[%emt 0:00:01]} 36. Rc7 {[%emt 0:01:53]} f4 {[%emt 0:03:20]} 37. Nc3 {[%emt 0:00:38]} Rd4 {[%emt 0:04:25]} 38. Ra7 {[%emt 0:00:22]} Rd2 {[%emt 0:00:32]} 39. gxf4 {[%emt 0:01:14]} exf4 {[%emt 0:00:16]} 40. h3 {[%emt 0:00:00]} Ne6 {[%emt 0:01:00]} 41. Nd5+ {[%emt 0:07:38]} Kd6 {[%emt 0:00:57]} 42. Ra6+ {[%emt 0:00:04]} Ke5 {[%emt 0:00:18]} 43. Rxa5 {[%emt 0:00:30]} Ndc5 {[%emt 0:03:44]} 44. Nc7 {[%emt 0:06:44]} Kd4 {[%emt 0:04:03]} 45. Nxe6+ {[%emt 0:00:47]} Nxe6 {[%emt 0:00:03]} 46. Bg4 {[%emt 0:12:03]} Nc5 {[%emt 0:00:41]} 47. c3+ {[%emt 0:00:13]} Kxc3 {[%emt 0:00:47]} 48. Rxc5+ {[%emt 0:00:03]} Kxb3 {[%emt 0:00:03]} 49. Be6+ {[%emt 0:00:33]} Kb4 {[%emt 0:00:31]} 50. Rc4+ {[%emt 0:00:04]} Kb5 {[%emt 0:00:06]} 51. Rxf4 {[%emt 0:00:07]} Rd6 {[%emt 0:00:14]} 52. Re4 {[%emt 0:00:43]} Kc5 {[%emt 0:00:27]} 53. Kc2 {[%emt 0:00:19]} Rd4 {[%emt 0:00:07]} 54. Re3 {[%emt 0:00:25]} Kd6 {[%emt 0:00:03]} 55. Kc3 {[%emt 0:01:21]} Ra4 {[%emt 0:00:34]} 56. Bb3 {[%emt 0:00:21]} Ra7 {[%emt 0:00:40]} 57. Re6+ {[%emt 0:01:09]} Kd7 {[%emt 0:00:12]} 58. Re4 {[%emt 0:03:45]} Ra6 {[%emt 0:01:28]} 59. Rh4 {[%emt 0:00:32]} h6 {[%emt 0:00:06]} 60. Re4 {[%emt 0:00:11]} Rd6 {[%emt 0:00:04]} 61. Ba4+ {[%emt 0:00:23]} Kd8 {[%emt 0:00:06]} 62. Kc4 {[%emt 0:00:40]} Kc7 {[%emt 0:00:34]} 63. Kc5 {[%emt 0:01:58]} Rf6 {[%emt 0:00:35]} 64. h4 {[%emt 0:01:20]} Rg6 {[%emt 0:00:44]} 65. Be8 {[%emt 0:00:23]} Rf6 {[%emt 0:00:06]} 66. h5 $2 {[%emt 0:00:55]} (66. Kd5 Rd6+ 67. Ke5) 66... Rf5+ {[%emt 0:00:01]} 67. Kd4 $18 {[%emt 0:00:06]} Kd6 {[%emt 0:00:07]} 68. Bg6 {[%emt 0:00:25]} Rd5+ {[%emt 0:00:02]} 69. Kc4 {[%emt 0:00:19]} Rc5+ {[%emt 0:00:05]} 70. Kb4 {[%emt 0:00:06]} Re5 {[%emt 0:00:28]} 71. Rf4 {[%emt 0:00:12]} 1-0

[Event "BL 2016-17"]
[Site "Germany"]
[Date "2017.03.19"]
[Round "10"]
[White "Muse, Drazen"]
[Black "Braun, Christian"]
[Result "0-1"]
[WhiteElo "2355"]
[BlackElo "2354"]
[Annotator "TA"]
[PlyCount "62"]
[EventDate "2017.??.??"]
[EventType "team-tourn"]
[EventCountry "GER"]
[SourceTitle "playchess.com"]
[Source "ChessBase"]
[SourceQuality "1"]
[WhiteTeam "König Tegel"]
[BlackTeam "Aufwärts Aachen"]

{[%evp 13,62,-13,5,-5,14,13,13,-1,3,0,70,24,31,-16,-25,-21,-14,-24,-7,-4,-3,-2,0,0,0,-31,-35,-84,-77,-72,-79,-122,-132,-125,-135,-180,-172,-167,-171,-179,-121,-345,-374,-321,-149,-503,-503,-484,-467,-732,-694]} 1. Nf3 Nf6 2. c4 g6 3. Nc3 Bg7 4. g3 O-O 5. Bg2 d6 6. O-O c6 7. Rb1 d5 8. cxd5 {A16: English Opening: 1...Nf6 with ...d5} Nxd5 (8... cxd5 9. d4 Bf5 10. Ra1 Nc6 11. Ne5 Rc8 12. Nxc6 bxc6 13. Na4 Nd7 14. Be3 Qa5 15. Rc1 Nb6 16. Nxb6 axb6 {0-1 (32) Kovalev,D (2512)-Tkachiev,V (2650) Warsaw 2012}) 9. e4 $146 (9. Qc2 Na6 10. a3 Nac7 11. d4 Nb6 12. Rd1 Bf5 13. e4 Bg4 14. Ne2 Ne6 15. Be3 Qd6 {1-0 (55) Dmitrenko,V (2344)-Djuraev,S (2353) Tashkent 2015}) 9... Nb6 10. d4 {The position is equal.} Bg4 11. Ne2 e5 (11... Na6 $11) 12. dxe5 N8d7 {[%cal Bb8d7,Bd7e5,Be5d3,Bd3c1][%mdl 32]} 13. h3 Bxf3 $1 14. Bxf3 Nxe5 15. Bg2 Nd3 16. Qb3 Nxc1 17. Rbxc1 Qd2 18. Rc2 Qa5 19. Rfc1 Rad8 20. Rc5 Qa4 21. Qxa4 Nxa4 22. Ra5 Nxb2 ({And not} 22... Bxb2 23. Rc2 b5 24. Rxc6 $14 (24. Rxa4 bxa4 25. Rxb2 Rd1+ 26. Bf1 Rfd8 $11)) 23. Rxa7 {[#]} Rd2 $1 $36 {[%cal Rd2e2][%mdl 2048] White is under strong pressure.} 24. Bf3 Nd3 25. Rf1 b5 26. Kg2 c5 ({Black should play} 26... Rb8 $19 27. h4 b4) 27. Nc1 $2 {[#]} (27. Nf4 $17) 27... Nxc1 $1 $19 28. Rxc1 c4 (28... Bd4 $19 {and Black stays clearly on top.} 29. Rf1 c4) 29. Ra5 $2 {[%mdl 8192]} (29. e5 $17) 29... Bd4 {Black is clearly winning.} 30. Rf1 c3 31. Ra6 (31. Bd1 $142) 31... Rc8 0-1

[Event "BL 2016-17"]
[Site "Germany"]
[Date "2017.03.19"]
[Round "10"]
[White "Gerigk, Erasmus"]
[Black "Womacka, Mathias"]
[Result "1/2-1/2"]
[WhiteElo "2354"]
[BlackElo "2427"]
[Annotator "TA"]
[PlyCount "49"]
[EventDate "2017.??.??"]
[EventType "team-tourn"]
[EventCountry "GER"]
[SourceTitle "playchess.com"]
[Source "ChessBase"]
[SourceQuality "1"]
[WhiteTeam "Zugzwang München"]
[BlackTeam "Schwäbisch Hall"]

{[%evp 12,49,-20,-22,10,-12,0,0,0,0,12,0,0,0,0,-16,-5,-21,-20,-18,0,-32,19,-10,-14,-30,-30,-35,-31,-29,-27,-30,-30,-33,-35,-34,-34,-34,-40,-54]} 1. e4 c5 2. Nc3 Nc6 3. f4 g6 4. Nf3 Bg7 5. Bb5 Nd4 6. O-O Nxb5 7. Nxb5 {LiveBook: 373 Games} d5 {B23: Closed Sicilian: Lines without g3} (7... d6 8. d3 Nf6 9. Qe1 h6 10. Nc3 b6 11. b3 O-O 12. f5 gxf5 13. Qh4 Ng4 14. h3 Bxc3 15. hxg4 e6 16. Bg5 hxg5 17. Nxg5 {1-0 (62) Adhiban,B (2671)-Oparin,G (2626) Monzon 2016}) 8. exd5 a6 9. Nc3 {[%cal Bb5c3,Bc3e4,Be4c5][%mdl 32]} Nf6 {The position is equal.} 10. d4 c4 11. Qe2 b5 12. Ne5 Nxd5 13. Ne4 $146 (13. Nc6 Nxc3 14. bxc3 Qd6 15. Ne5 {0-1 (33) Neves,A (2095)-Lima,D (2496) Araruama 2010}) 13... O-O 14. c3 f6 15. Nf3 $1 {[%cal Be5f3,Bf3h4,Bh4f5][%mdl 32]} Bf5 16. Bd2 Qc7 ({Black should try} 16... e6 $15) 17. Nc5 {[#]} e5 $1 {[%mdl 512]} 18. Nh4 (18. dxe5 Qxc5+) 18... exd4 19. Nxf5 {Strongly threatening Qe6+.} Qxc5 20. Qe6+ ({Of course not} 20. Nxd4 f5 21. Qf2 Bxd4 22. cxd4 Qd6 $17) 20... Kh8 21. cxd4 Nc7 22. dxc5 Nxe6 {Black is slightly better.} 23. Nxg7 Kxg7 24. Be3 Rac8 25. b4 1/2-1/2

[Event "BL 2016-17"]
[Site "Jenbach"]
[Date "2017.04.21"]
[Round "10"]
[White "Baenziger, Fabian"]
[Black "Ceschia, Ivano"]
[Result "1-0"]
[WhiteElo "2341"]
[BlackElo "2301"]
[Annotator "NA"]
[PlyCount "93"]
[EventDate "2017.??.??"]
[EventCountry "AUT"]
[SourceTitle "playchess.com"]
[Source "ChessBase"]
[SourceQuality "1"]
[WhiteTeam "Hohenems"]
[BlackTeam "St. Veit"]
[TimeControl "40/5400+30:1800+30"]

1. e4 {[%emt 0:00:00]} e6 {[%emt 0:00:36]} 2. d3 {[%emt 0:00:00]} d5 {[%emt 0:00:09]} 3. Nd2 {[%emt 0:00:05]} c5 {[%emt 0:00:24]} 4. Ngf3 {[%emt 0:00:33]} Nc6 {[%emt 0:00:10]} 5. g3 {[%emt 0:00:06]} g6 {[%emt 0:00:09]} 6. Bg2 {[%emt 0:01:04]} Bg7 {[%emt 0:03:05]} 7. O-O {[%emt 0:00:24]} Nge7 {[%emt 0:00:06]} 8. Re1 {[%emt 0:00:51]} O-O {[%emt 0:00:14]} 9. e5 {[%emt 0:02:00]} Qc7 {[%emt 0:07:25]} 10. Qe2 {[%emt 0:00:59]} b5 {[%emt 0:01:50]} 11. Nf1 {[%emt 0:01:03] A08: King's Indian Attack} Nd4 {[%emt 0:05:59]} (11... Bb7 12. h4 Rac8 13. Bd2 Nf5 14. c3 d4 15. g4 dxc3 16. bxc3 Nfe7 17. Ng3 Rfd8 18. Rad1 b4 {1-0 (36) Venkatesh,M (2506)-Deepan Chakkravarthy,J (2468) Pamplona 2012}) 12. Nxd4 {[%emt 0:00:42]} cxd4 {[%emt 0:00:05]} 13. Bf4 {[%emt 0:00:40]} Bd7 {[%emt 0:00:30]} 14. h4 {[%emt 0:04:58]} Rac8 {[%emt 0:00:43]} 15. Rac1 {[%emt 0:00:42]} Nc6 $146 {[%emt 0:30:29]} (15... b4 16. Nh2 Qa5 17. Qd2 Nc6 18. Ng4 h5 {½-½ (43) Prodanov,D-Velikov,P Varna 1970}) 16. Nh2 {[%emt 0:02:06]} h5 {[%emt 0:00:34]} 17. a3 {[%emt 0:24:35]} b4 {[%emt 0:08:54]} 18. Bxd5 {[%emt 0:02:50]} bxa3 {[%emt 0:01:08]} 19. bxa3 {[%emt 0:00:34]} Qa5 {[%emt 0:05:52]} 20. Bg2 {[%emt 0:01:26]} Ne7 {[%emt 0:09:58]} 21. Nf3 {[%emt 0:01:56]} Nd5 {[%emt 0:06:54]} 22. Bg5 {[%emt 0:01:08]} Nc3 {[%emt 0:04:16]} 23. Qd2 {[%emt 0:00:10]} Bc6 {[%emt 0:00:12]} 24. Be7 {[%emt 0:03:46]} Rfe8 {[%emt 0:01:22]} 25. Bb4 {[%emt 0:00:08]} Qd5 {[%emt 0:03:06]} 26. Qf4 {[%emt 0:01:39]} Na2 {[%emt 0:00:45]} 27. Ra1 {[%emt 0:00:21]} Ba8 {[%emt 0:01:19]} 28. Rxa2 {[%emt 0:04:50]} Qxa2 {[%emt 0:00:20]} 29. Ng5 {[%emt 0:00:05]} Rc7 {[%emt 0:02:02]} 30. Bxa8 {[%emt 0:00:06]} Rxa8 {[%emt 0:00:22]} 31. Ne4 {[%emt 0:00:58]} Qxc2 {[%emt 0:02:10]} 32. Nf6+ {[%emt 0:01:49]} Kh8 {[%emt 0:00:35]} 33. Bd6 {[%emt 0:00:27]} Rc6 {[%emt 0:01:40] [#]} 34. Ne4 $16 {[%emt 0:01:04]} Rb6 {[%emt 0:01:03]} 35. Qxf7 {[%emt 0:01:51]} Rb1 {[%emt 0:00:05]} 36. Rxb1 {[%emt 0:00:24]} Qxb1+ {[%emt 0:00:01]} 37. Kg2 {[%emt 0:00:01]} Qxd3 {[%emt 0:00:46]} 38. Qxg6 {[%emt 0:00:07]} Rc8 {[%emt 0:03:08]} 39. Qxh5+ {[%emt 0:11:30]} Kg8 {[%emt 0:00:02]} 40. Qg6 {[%emt 0:00:00]} Kh8 {[%emt 0:00:17]} 41. h5 {[%emt 0:02:54]} Rc1 {[%emt 0:01:36]} 42. h6 {[%emt 0:00:42]} Qf1+ {[%emt 0:00:12]} 43. Kf3 {[%emt 0:00:04]} Qh1+ {[%emt 0:00:08]} 44. Kg4 {[%emt 0:00:06]} Qxh6 {[%emt 0:05:28]} 45. Qe8+ {[%emt 0:00:16]} Bf8 {[%emt 0:00:19]} 46. Bxf8 {[%emt 0:00:25]} Qh7 {[%emt 0:00:25]} 47. Bh6+ 1-0